Echec scolaire et perte de repères : Une analyse, des techniques, un projet d'éducation précoce (notice n° 1548803)
[ vue normale ]
| 000 -LEADER | |
|---|---|
| fixed length control field | 01131cam a2200133 4500500 |
| 005 - DATE AND TIME OF LATEST TRANSACTION | |
| control field | 20251012042500.0 |
| 041 ## - LANGUAGE CODE | |
| Language code of text/sound track or separate title | fre |
| 042 ## - AUTHENTICATION CODE | |
| Authentication code | dc |
| 100 10 - MAIN ENTRY--PERSONAL NAME | |
| Personal name | Carette, Françoise |
| Relator term | author |
| 245 00 - TITLE STATEMENT | |
| Title | Echec scolaire et perte de repères : Une analyse, des techniques, un projet d'éducation précoce |
| 260 ## - PUBLICATION, DISTRIBUTION, ETC. | |
| Name of publisher, distributor, etc. | L'Harmattan,<br/> |
| Date of publication, distribution, etc. | 2005.<br/> |
| 520 ## - SUMMARY, ETC. | |
| Summary, etc. | L’augmentation de désorientation chez les tout jeunes enfants a engagé l’auteur à envisager le problème sous l’angle de la physiologie, celui sous lequel on peut très rapidement apporter une solution, de façon préventive et à l’échelle nationale. Dans ce monde en mal de sens, les enfants semblent être des vecteurs d’une puissante dynamique de destruction dans cette carence à «exister». Sa réflexion amène l’auteur à proposer de stopper ce mal par un projet d’Education précoce et spécifique, celle-ci devant être complétée par une Réalisation d’Intérêt Général commune au groupe classe et qui laissera trace. |
| 856 41 - ELECTRONIC LOCATION AND ACCESS | |
| Uniform Resource Identifier | <a href="https://shs.cairn.info/echec-scolaire-et-perte-de-reperes--9782747594066?lang=fr&redirect-ssocas=7080">https://shs.cairn.info/echec-scolaire-et-perte-de-reperes--9782747594066?lang=fr&redirect-ssocas=7080</a> |
Pas d'exemplaire disponible.




Réseaux sociaux